| 000 | 00872cam a2200277 a 4500 | ||
|---|---|---|---|
| 999 |
_c13189 _d13189 |
||
| 001 | 3825090 | ||
| 003 | OSt | ||
| 005 | 20180215182611.0 | ||
| 008 | 861107s1987 maua b 001 0 eng c | ||
| 010 | _a 86027420 | ||
| 020 | _a0262192578 | ||
| 040 |
_aDNLM/DLC _cDLC _dDLC |
||
| 050 | 0 | 0 |
_aBF311 _b.C5523 1987 |
| 060 | _aBF 311 C67847 | ||
| 082 | 0 | 0 |
_a153 _219 |
| 245 | 0 | 0 |
_aCognitive science : _ban introduction / _cNeil A. Stillings ... [et al.]. |
| 260 |
_aCambridge, Mass, : _bMIT Press, _cc1987. |
||
| 300 |
_axvii, 533 p. : _bill. ; _c24 cm. |
||
| 500 | _a"A Bradford book." | ||
| 504 | _aIncludes bibliographies and index. | ||
| 650 | 0 | _aCognition. | |
| 650 | 0 | _aCognitive science. | |
| 650 | 2 | _aCognition. | |
| 700 | 1 | _aStillings, Neil A. | |
| 906 |
_a7 _bcbc _corignew _d1 _eocip _f19 _gy-gencatlg |
||
| 942 |
_2lcc _cBOOKS _hBF 311 .C5523 1987 |
||